000
00280nam a22001217a 4500
020
_a
9789251061015
022
_a
20714505
040
_c
DLC
082
_a
FAO ECO 2008 C227 Or.
245
_a
ECONOMICS FOR MARKET-ORIENTED FARMING
260
_a
Phnom Penh
_b
RUA
_c
2008
942
_c
REC
999
_c
21355
_d
21355